Záchranná akcia

Podrobná bibliografia
Hlavný autor: -mr- (Autor)
Ďalší autori: Kušnírová, Mária (gup)
Médium: Článok
Jazyk:slovenčina
Fyzický popis:Fot. 2.
Predmet:

MARC

LEADER 00000nab a2200000 a 4500
001 vtls000174759
003 SK-MaSNL
005 20260302210246.0
008 161104c1984 xo 0 slo
015 |a SNBRB19rr/mm-uuuuu 
035 |a CL0184871 
040 |a SNKBUCL  |b slo  |c SNKBUCL  |e AACR2 
041 0 |a slo 
044 |a xo  |c SK 
080 |a 82:7.097  |2 1981 
080 |a 7.097  |2 1981 
080 |a 884  |2 1981 
100 1 |a -mr-  |4 aut  |9 843466 
245 1 0 |a Záchranná akcia  |c -mr- ; Mária Kušnírová 
300 |b Fot. 2. 
600 1 7 |a Jagiełło, Michał,  |d 1941-2016  |2 SNKMA  |9 218855 
650 0 7 |a hry televízne  |2 snkbucl  |9 921812 
655 7 |a články z novín a časopisov  |2 snkbucl  |9 267496 
655 7 |a články z odboru literárna veda a krásna literatúra  |2 snkbucl  |9 770045 
700 1 |a Kušnírová, Mária  |4 gup  |9 7653 
773 0 |t Televízia  |g Roč. 19, č. 6 (1984), s. 9 
850 |a Slovenská národná knižnica v Martine  |a MTA001 
852 |a SNK  |b KIS3GCP 
958 |a RK 
958 |a LX 
958 |a PL 
958 |a SK 
992 |a RBX 
999 |c 1481713  |d 1483643